|
|
|
|
| LEADER |
01113nam a22002297a 4500 |
| 001 |
AAL6818 |
| 003 |
BD-DhAAL |
| 005 |
20161004113134.0 |
| 008 |
161004s 2005bg a|||| |||| 00| 0 ben d |
| 040 |
|
|
|a BD-DhAAL
|c BD-DhAAL
|
| 082 |
|
|
|a 306/.03
|
| 245 |
|
|
|a এনসাইক্লোপিডিয়া অব দ্য ওয়ার্ল্ড :
|b দেশ, অধিবাসী, ব্যক্তিত্ব /
|c এ.এস.এম.ভূঁইয়া শিহাব
|
| 260 |
|
|
|a ঢাকা :
|b দি ইউনিভার্সেল একাডেমী,
|c ২০০৫
|
| 300 |
|
|
|a ৫৬০ পৃ. :
|b চিত্র ;
|c ২২ সে.মি.
|
| 541 |
|
|
|e 6818
|
| 650 |
|
|
|a Ethnology
|x Encyclopedias
|9 20513
|
| 650 |
|
|
|a Cultura
|x Enciclopedias
|9 20514
|
| 700 |
|
|
|a শিহাব, এ.এস.এম.ভূঁইয়া
|9 20515
|
| 852 |
|
|
|a Savar Campus Library
|c General Shelf
|
| 942 |
|
|
|2 ddc
|c BK
|
| 999 |
|
|
|c 37848
|d 37848
|
| 952 |
|
|
|0 0
|1 0
|2 ddc
|4 0
|6 306_000000000000000__03_ENC
|7 0
|9 59682
|a SCL
|b SCL
|c GEN
|d 2016-10-04
|g 500.00
|l 1
|o 306.03 ENC
|p 3020006818
|r 2020-01-19
|s 2020-01-15
|t 1
|w 2016-10-04
|y BK
|